[Event "Frankfurt-chA"]
[Site "Frankfurt"]
[Date "2017.05.15"]
[Round "4"]
[White "Panosch, Walter"]
[Black "Menning, Uwe"]
[Result "0-1"]
[WhiteElo "1456"]
[BlackElo "1795"]
[PlyCount "54"]
[EventDate "2017.04.24"]
[EventType "swiss"]
[EventRounds "7"]
[EventCountry "GER"]
[SourceTitle "EXT 2018"]
[Source "ChessBase"]
[SourceDate "2017.10.13"]
[SourceVersion "1"]
[SourceVersionDate "2017.10.13"]
[SourceQuality "1"]

1. d4 d5 2. Nf3 Nf6 3. Bf4 Bf5 4. e3 e6 5. Bd3 Bg4 6. Be2 Be7 7. Nbd2 Nbd7 8. c3 c6 9. 0-0 0-0 10. Qe1 Qb6 11. b3 Ba3 12. Ne5 Bxe2 13. Qxe2 Qd8 14. Bg5 Qe8 15. f4 Bb2 16. Nxd7 Nxd7 17. Rab1 Bxc3 18. Nf3 Bb4 19. Ne5 f6 20. Nxd7 Qxd7 21. Bh4 Rae8 22. Qg4 Qf7 23. Rbd1 Qg6 24. Qe2 Qe4 25. g4 e5 26. f5 exd4 27. Rxd4 Qxd4 0-1

[Event "Frankfurt-chA"]
[Site "Frankfurt"]
[Date "2013.06.17"]
[Round "7"]
[White "Panosch, Walter"]
[Black "Mayer, Andreas"]
[Result "0-1"]
[WhiteElo "1503"]
[BlackElo "1406"]
[PlyCount "117"]
[EventDate "2013.04.29"]
[EventType "swiss"]
[EventRounds "7"]
[EventCountry "GER"]
[SourceTitle "EXT 2014"]
[Source "ChessBase"]
[SourceDate "2013.11.20"]
[SourceVersion "1"]
[SourceVersionDate "2013.11.20"]
[SourceQuality "1"]

1. d4 c6 2. Nf3 d5 3. Bf4 Nf6 4. h3 h6 5. e3 Bf5 6. Bd3 Bxd3 7. cxd3 Nbd7 8. 0-0 e6 9. Nc3 Be7 10. e4 0-0 11. Re1 a6 12. a3 b5 13. Ne5 Nxe5 14. dxe5 Nd7 15. d4 Nb6 16. b3 Qd7 17. Qg4 Kh7 18. Bd2 f6 19. f4 f5 20. exf5 Rxf5 21. Ne2 Rg8 22. Ng3 Rf7 23. Rf1 g6 24. Qf3 Bh4 25. Bb4 Nc8 26. Bc5 Be7 27. b4 Bxc5 28. bxc5 a5 29. Qd3 Kh8 30. Rae1 Ne7 31. Qd2 a4 32. f5 Nxf5 33. Nxf5 gxf5 34. Qxh6+ Rh7 35. Qf6+ Qg7 36. Rf3 Rh6 37. Qxg7+ Rxg7 38. Kh2 Rg4 39. Rd1 Rhh4 40. Rfd3 Re4 41. R1d2 Kh7 42. g3 Rh5 43. Rf3 Kg6 44. Kg2 Rg5 45. Kf2 Kh5 46. Rd1 Rg7 47. Rf4 Rxf4+ 48. gxf4 Kh4 49. Rd3 Rg8 50. Rf3 Rg7 51. Ke3 Rg3 52. Rxg3 Kxg3 53. Kd3 Kxf4 54. h4 Kg4 55. h5 Kxh5 56. Ke3 Kg4 57. Ke2 Kg3 58. Ke3 f4+ 59. Ke2 0-1